Statistics for US State Capital Extremes

Click here to take the quiz!

General Stats

  • This quiz has been taken 123 times
  • The average score is 15 of 20

Answer Stats

Answer% Correct
Honolulu
89%
Honolulu
89%
Juneau
88%
Juneau
88%
Sacramento
86%
Austin
85%
Olympia
85%
Olympia
85%
Tallahassee
82%
Augusta
80%
Boston
78%
Salem
77%
Baton Rouge
70%
Helena
64%
Providence
64%
Saint Paul
62%
Concord
61%
Bismarck
57%
Jackson
55%
Montpelier
52%

Score Distribution

Percentile by Number Answered

Percent of People with Each Score

Your Score History

You have not taken this quiz